000 01354cam a2200457 a 4500
001 1182004
003 OSt
005 20140310184315.0
008 970808s1998 nyu c 000 1 eng
010 _a 97034365
020 _a0786804378 (tr)
020 _a0786823852 (lib)
040 _aDLC
_cDLC
_dDLC
042 _alcac
050 0 0 _aPZ 7
_b.C3575Mar 1998
100 1 _aChambers, Veronica.
_923424
245 1 0 _aMarisol and Magdalena :
_bthe sound of our sisterhood /
_cVeronica Chambers.
250 _a1st ed.
260 _aNew York :
_bScholastic Inc.,
_c1998.
300 _a141 p. ;
_c22 cm.
521 _aG5
526 _c730
650 0 _aPanamanian Americans
_vJuvenile fiction.
_923425
650 1 _aPanamanian Americans
_vFiction.
_923426
650 1 _aBest friends
_xFiction.
_923427
650 1 _aGrandmothers
_xFiction.
_923428
650 1 _aFathers and daughters
_xFiction.
_923429
651 1 _aPanama
_xFiction.
_923430
906 _a7
_bcbc
_corignew
_d1
_eocip
_f19
_gy-gencatlg
942 _2lcc
_cBK-SCHOLAS
999 _c33564
_d33564